| 000 | 01385cgm a22003495a 4500 | ||
|---|---|---|---|
| 001 | 14098 | ||
| 003 | BD-JhCC | ||
| 005 | 20241209121850.0 | ||
| 008 | 010424s1978 xxu vleng | ||
| 017 |
_aPA59-684 _bU.S. Copyright Office |
||
| 035 | _a(BD-JhCC)14098 | ||
| 040 |
_aDLC _cDLC _dDLC _eamim _dDLC |
||
| 041 | _aenglish | ||
| 050 | 0 | 0 | _aVBJ 6243 (viewing copy) |
| 082 |
_a658.4 _bNIE 1978 |
||
| 100 | _a Nierenberg,Gerard I. | ||
| 245 | 0 | 4 |
_aThe art of negotiating / _c Gerard I. Nierenberg . |
| 246 | 3 | 0 | _aApplication of non-verbal communications |
| 260 |
_cGarden City Park: _a Square One Publishers, _b1978. |
||
| 300 |
_a1 videocassette of 1 : _bsd., col. ; _c3/4 in. _3viewing copy. |
||
| 500 | _aCopyright: Gerard I. Nierenberg. DCR 1978; PUB 1Oct78; REG 5Mar80; PA59-684. | ||
| 500 | _aDate is year of production. | ||
| 500 | _aUnable to locate audio cassette that came with videocassette as a multi media kit; audio cassette may have been lost or destroyed. | ||
| 500 | _aSources used: copyright data base; videocassette container and label; M/B/RS preliminary catalog card. | ||
| 541 | _3viewing copy; | ||
| 655 | 7 |
_aDocumentary films. _2lcgft |
|
| 655 | 7 |
_aEducational films. _2lcgft |
|
| 655 | 7 |
_aInstructional films. _2lcgft |
|
| 655 | 7 |
_aNonfiction films. _2lcgft |
|
| 710 | 2 |
_aCopyright Collection (Library of Congress) _5DLC |
|
| 942 |
_2ddc _cBK |
||
| 999 |
_c14098 _d14098 |
||